| 000 | 01908nam a2200241Ia 4500 | ||
|---|---|---|---|
| 008 | 260220t1988||||xx |||||||||||||| ||spa|| | ||
| 040 |
_aPY-SlUNAC _bspa _erda |
||
| 041 | _aspa | ||
| 082 |
_a547.83 _bSu961s |
||
| 100 |
_aDuane H., Smith _eAutor |
||
| 245 | 0 |
_aSurfactant-based mobility control progress in miscible-flood enhanced oil recovery / _cpor Smith Duane H. [Editor] |
|
| 264 |
_aWashington D. C. : _bACHS, _c℗1988. |
||
| 300 | _a1 volumen | ||
| 520 | _aEl libro "Surfactant-based mobility control progress in miscible-flood enhanced oil recovery" de Duane H. Smith aborda el uso de tensioactivos como agentes clave en la mejora de la recuperación de petróleo mediante inundaciones miscibles. A lo largo de sus capítulos, el autor presenta una revisión exhaustiva de las técnicas de control de movilidad que permiten optimizar la eficiencia de la recuperación de petróleo en yacimientos. Se discuten los principios físicos y químicos que rigen la interacción entre los surfactantes y los fluidos del reservorio, así como los procesos de inyección de surfactantes en sistemas miscibles. Además, se analizan estudios de caso y resultados experimentales que evidencian el impacto positivo de estas técnicas en la producción de petróleo. Smith también aborda los desafíos y limitaciones asociados con la implementación de estas estrategias en el campo, sugiriendo direcciones futuras para la investigación y el desarrollo en la recuperación mejorada de petróleo. Este trabajo es fundamental para ingenieros y científicos interesados en optimizar la producción de recursos hidrocarburíferos. | ||
| 653 | _aControl de la movilidad | ||
| 653 | _aRecuperación de petróleo | ||
| 653 | _aSurfactantes | ||
| 942 |
_b2026/02/17 _cBK |
||
| 999 |
_c7957 _d7957 |
||